Kvalita života v znalostne orientovanej ekonomike diplomová práca

Na minha lista:
Detalhes bibliográficos
Autor principal: Sálusová, Ľubica
Autor Corporativo: Národohospodárska fakulta EU. Katedra hospodárskej politiky
Outros Autores: Holková, Vieroslava
Formato: Livro
Idioma:eslovaco
Publicado em: Bratislava 2011
Tags: Adicionar Tag
Sem tags, seja o primeiro a adicionar uma tag!

MARC

LEADER 00000nbm a2200000 4500
001 0130888
005 20161109101627.9
041 0 |a slo 
044 |a SK 
245 1 0 |a Kvalita života v znalostne orientovanej ekonomike  |b diplomová práca  |c Ľubica Sálusová ; školiteľ:Vieroslava Holková 
264 1 |a Bratislava  |c 2011 
300 |a 83 s. 
100 1 |a Sálusová, Ľubica 
700 1 |a Holková, Vieroslava 
710 2 |a Národohospodárska fakulta EU. Katedra hospodárskej politiky